Top 10 countries in the world by what metric ? - Statistics

General Stats
  • This quiz has been taken 59 times
  • The average score is 5 of 12
Answer Stats
Answer Hint % Correct
{Population} China
100%
{Land} {Area} Russia
79%
{Muslim} {population} Indonesia
73%
{Southernmost} {point} Chile
67%
{Population} {density} Monaco
65%
{Number} {of} {francophones} France
63%
{Life} {expectancy} Japan
52%
{Yearly} {alcohol} {consumption} Moldova
23%
{Uranium} {production} Kazakhstan
8%
{FIFA} {Women's} {World} {Ranking} Spain
2%
{Proportion} {of} {JetPunk} {users} United States
2%
{Grand} {Slam} {men's} {singles} {titles} United States
0%
No matching quizzes found
Score Distribution
Percent of People with Each Score
Percentile by Number Answered
Your Score History
You have not taken this quiz